|
|
|
|
| LEADER |
00889nam a2200229 a 4500 |
| 001 |
00025466 |
| 008 |
120705r20061996enka j 000 1 eng |
| 020 |
|
|
|a 8175961139(paperback)
|
| 020 |
|
|
|a 9788175961135
|
| 040 |
|
|
|a BD-DhAAL
|c BD-DhAAL
|
| 082 |
0 |
4 |
|a 428.6
|2 20
|
| 100 |
1 |
|
|a Prater, John.
|
| 245 |
1 |
0 |
|a Lucy's Box /
|c John Prater.
|
| 260 |
|
|
|a Cambridge :
|b Cambridge University Press,
|c c1996.[reprinted 2006]
|
| 300 |
|
|
|a 16 p. :
|b col. ill. ;
|c 23 cm.
|
| 490 |
0 |
|
|a Cambridge reading
|
| 541 |
1 |
|
|e 00025466
|
| 650 |
|
0 |
|a Readers
|x Juvenile literature.
|
| 653 |
|
1 |
|a English language
|a Reading books
|
| 852 |
1 |
|
|a Ayesha Abed library
|c General Shelf
|
| 999 |
|
|
|c 12509
|d 12509
|
| 952 |
|
|
|0 0
|1 0
|2 ddc
|4 0
|6 428_600000000000000_PRA
|7 0
|9 20672
|a BRACUL
|b BRACUL
|c GEN
|d 2012-07-05
|e karim International
|g 68.00
|l 0
|o 428.6 PRA
|p 3010025466
|r 2012-07-05
|t 1
|w 2012-07-05
|y BK
|x Transferred from BIL to BRACUL on 06/06/22
|